LIBRARY & INFORMATION CENTRE, KCAET, TAVANUR

ONLINE PUBLIC ACCESS CATALOGUE (OPAC)

Assessement of subsurface flow (Record no. 15716)

MARC details
000 -LEADER
fixed length control field 00419nam a22001577a 4500
003 - CONTROL NUMBER IDENTIFIER
control field OSt
082 ## - DEWEY DECIMAL CLASSIFICATION NUMBER
Classification number 631.587
Item number SAB/A
088 ## - REPORT NUMBER
Report number p 440
100 ## - MAIN ENTRY--AUTHOR NAME
Personal name Sabida K A
100 ## - MAIN ENTRY--AUTHOR NAME
Personal name Sreethu S S
100 ## - MAIN ENTRY--AUTHOR NAME
Personal name Uthara Sainath
245 ## - TITLE STATEMENT
Title Assessement of subsurface flow
260 ## - PUBLICATION, DISTRIBUTION, ETC. (IMPRINT)
Place of publication Tavanur
Name of publisher Department of Soil & Water conservation Engineering
Year of publication 2019
700 ## - ADDED ENTRY--PERSONAL NAME
Personal name Sathian K K (guide)
942 ## - ADDED ENTRY ELEMENTS (KOHA)
Koha item type Project Report
Holdings
Collection code Home library Current library Shelving location Full call number Accession Number Koha item type
Reference KAUAET KAUAET Reference 631.587 SAB/A P 440 Project Report
free website counter